Cambridge college libraries : (Record no. 897)
[ view plain ]
| 000 -LEADER | |
|---|---|
| fixed length control field | 00806cam a2200265u 4500 |
| 001 - CONTROL NUMBER | |
| control field | 897 |
| 003 - CONTROL NUMBER IDENTIFIER | |
| rucl marc code | BD-RjUL |
| 005 - DATE AND TIME OF LATEST TRANSACTION | |
| control field | 20211208233238.0 |
| 008 - FIXED-LENGTH DATA ELEMENTS--GENERAL INFORMATION | |
| fixed length control field | 131123s1962 enk 000 0 eng |
| 035 ## - SYSTEM CONTROL NUMBER | |
| System control number | (BD-RjUL) |
| 040 ## - CATALOGING SOURCE | |
| Original cataloging agency | DLC |
| Transcribing agency | CarP |
| Modifying agency | DLC |
| Language of cataloging | eng |
| 041 ## - LANGUAGE CODE | |
| Language code of text/sound track or separate title | eng |
| 082 04 - DEWEY DECIMAL CLASSIFICATION NUMBER | |
| Edition number | 16 |
| Classification number | 027.7 |
| Author mark and year | CAM 1962 |
| 245 10 - TITLE STATEMENT | |
| Title | Cambridge college libraries : |
| Remainder of title | aids for research students / |
| Statement of responsibility, etc. | A. N. L. Munby |
| 250 ## - EDITION STATEMENT | |
| Edition statement | 2d ed., |
| 260 ## - PUBLICATION, DISTRIBUTION, ETC. (IMPRINT) | |
| Place of publication, distribution, etc. | Cambridge [Eng.] : |
| Name of publisher, distributor, etc. | W. Heffer, |
| Date of publication, distribution, etc. | 1962. |
| 300 ## - PHYSICAL DESCRIPTION | |
| Pagination | xv, 56 p. ; |
| Size | 22 cm. |
| 526 ## - STUDY PROGRAM INFORMATION NOTE | |
| Requested Dept. | Information Science and Library Management |
| 610 20 - SUBJECT ADDED ENTRY--CORPORATE NAME | |
| Corporate name or jurisdiction name as entry element | University of Cambridge |
| 650 #0 - SUBJECT ADDED ENTRY--TOPICAL TERM | |
| Topical term or geographic name as entry element | Research |
| Geographic subdivision | England |
| -- | Cambridge |
| General subdivision | Methodology. |
| 9 (RLIN) | 2669 |
| 700 ## - ADDED ENTRY--PERSONAL NAME | |
| Personal name | Munby, A. N. L. |
| Fuller form of name | (Alan Noel Latimer), |
| 942 ## - ADDED ENTRY ELEMENTS (KOHA) | |
| Source of classification or shelving scheme | Dewey Decimal Classification |
| Koha item type | Books |
| Lost status | Source of classification or shelving scheme | Damaged status | Not for loan | Collection code | Permanent Location | Current Location | Shelving location | Date acquired | Total Checkouts | Full call number | Date last seen | Copy number | Koha item type |
|---|---|---|---|---|---|---|---|---|---|---|---|---|---|
| Dewey Decimal Classification | Not For Loan | Non-fiction | Central Library, University of Rajshahi | Central Library, University of Rajshahi | 15/12/1991 | 027.7 CAM 1962 | 23/11/2013 | C-1 | Books |